Wars - Real or Fictional? - Sudden Death - Statistics

General Stats
  • This quiz has been taken 3,760 times
    845 since last reset
  • The average score is 20 of 30
Answers on the Grid
Answers color-coded by a green-red scale on the quiz's grid according to % correct below.
Anglo-Zulu War
Arab-Israeli Wars
Boer Wars
Boxer Rebellion
Butlerian Jihad
Clone Wars
Cold War
Crusades
Emu War
French and Indian War
Galactic Civil War
Greek Civil War
Hundred Years' War
Infinity War
Napoleonic Wars
Opium Wars
Peloponnesian War
Punic Wars
Russian Civil War
Russo-Finnish War
Second Wizarding War
Seven Years' War
Sino-Japanese War
Spanish Civil War
The Great War of 1892
The Pushcart War
Time War
Turf War
Toledo War
War for the Bucket
War of 1812
War of Assassins
War of Austrian Succession
War of Jenkins’ Ear
War of Spanish Succession
War of the Ring
War of the Roses
War of the Triple Alliance
War of the Worlds
War of Wrath
World War I
World War II
World War III
World War Z
Yom Kippur War
 
Answer Stats
Answer % Correct
Cold War
90%
Napoleonic Wars
88%
Hundred Years' War
87%
Spanish Civil War
84%
Arab-Israeli Wars
82%
Seven Years' War
81%
Crusades
80%
Russian Civil War
80%
World War I
80%
World War II
79%
Opium Wars
76%
Anglo-Zulu War
75%
Russo-Finnish War
75%
Punic Wars
74%
Sino-Japanese War
72%
Peloponnesian War
70%
Boer Wars
69%
War of 1812
65%
French and Indian War
62%
Boxer Rebellion
61%
Greek Civil War
60%
Emu War
58%
War of Spanish Succession
58%
War of the Roses
58%
War of Austrian Succession
54%
Yom Kippur War
54%
War of the Triple Alliance
32%
Toledo War
28%
War for the Bucket
26%
War of Jenkins’ Ear
23%
No matching quizzes found
Score Distribution
Percent of People with Each Score
Percentile by Number Answered
Your Score History
You have not taken this quiz since the last reset